LEADER 01347nam0-2200373 --4500 001 9910159256503321 005 20170127085809.0 010 $a978-88-317-2377-0 100 $a20170127d2016----km-y0itay50------ba 101 $aeng 102 $aIT 105 $aaf------b101yy 200 1 $aReporting from the front$eBiennale architettura 2016 210 $aVenice$cMarsilio$d2016 215 $a2 volumi (506, 223 p.)$cill.$d27 cm 300 $aCatalogo della mostra tenuta a Venezia nel 2016 300 $aTitolo della copertina 300 $aTesto solo in inglese 304 $aSul frontespizio: 15. Mostra Internazionale di Architettura 327 1 $aExhibition : Biennale architettura 2016$aPartecipating countries, collateral events 517 1 $aExhibition : Biennale architettura 517 1 $aPartecipating countries, collateral events 610 0 $aArchitettura - Sec. 21. - Esposizioni - 2016 610 0 $aMostra internazionale di architettura - 2016 676 $a724.7$v22 710 12$aMostra internazionale di architettura$d<15.$f; 2016$e; Venezia>$0427590 801 0$aIT$bUNINA$gRICA$2UNIMARC 901 0$aBK 912 $a9910159256503321 952 0$aART.VI C 108/1$b436/2016$fFARBC 952 $aART.VI C 108/2$b437/2016$fFARBC 959 0$aFARBC 996 $aReporting from the front$91470809 997 $aUNINA LEADER 00987nam0 2200265 450 001 000043311 005 20170925134618.0 100 $a20170925d2000----km-y0itaa50------ba 101 0 $aeng 102 $aIT 200 1 $aPolitical essays$fDavid Hume 210 $a[Milano]$cCofide$d2000 215 $a241 p.$d25 cm. 300 $aIn custodia 316 $aEsemplare numero XX, facente parte di ed. di esemplari fuori commercio numerati con numeri arabi e numeri romani 606 1 $aFilosofia politica 676 $a320.01$v(22. ed.)$9Scienza politica. Filosofia e teoria 700 1$aHume,$bDavid$f<1711-1776>$0329443 801 0$aIT$bUniversità della Basilicata - B.I.A.$gREICAT$2unimarc 912 $a000043311 996 $aPolitical essays$91532032 997 $aUNIBAS CAT $aTTM$b30$c20170925$lBAS01$h1346 FMT Z30 -1$lBAS01$LBAS01$mBOOK$1BASA2$APolo Tecnico-Scientifico$2GEN$BCollezione generale$3D1.CGT.115226$6115226$5T115226$820170925$f02$FPrestabile Generale